000 00787nam a22002057a 4500
999 _c4218
_d4218
003 AR-CdUCM
008 190308b ||||| |||| 00| 0 spa d
040 _aMUNICIPALIDAD PROVINCIAL DEL CUSCO
_cBIBLIOTECA MUNICIPAL DEL CUSCO
082 _22ed.
_a719.9494 /
_bS4
245 _aLa significación del paisaje Suiza, tierra de vacaciones /
260 _aSuiza :
_c1983.
300 _a119 páginas ;
_c20.5 cm.
505 _aContenido: La significación del paisaje -- El paisaje natural de Suiza -- El hombre en el paisaje -- El paisaje en peligro -- Suiza, tierra de vacaciones ...
650 _aPaisajes - Suiza
_913354
650 _aPaisajes - Los Alpes
_913355
650 _a¨Paisaje y hombre
_913356
650 _aSuiza - Turismo
_913357
942 _2ddc
_cLIBROS
945 _alccs